00499nam a22001691 4500001000700000003000900007005001700016007000300033008004100036016001800077040002100095100003500116245007000151260004200221300004100263852002500304114549ES-MaACL20230906190203.0t|070308s1907 ne ||||0| eng d7 zIND9600733794 aM-BN bspa cCDM1 aQuesada y Miranda, Gonzalo de.10aArbitration in Latin America / cby Gonzalo de Quesada y Miranda. aRotterdam : bM. Wyt & Lonen, c1907. aXII p., 2 h., 136 p., 1 h ; c25 cm. aES-MaACLjT-1151-F-3